zpět

Detail výsledku týmu

Kozlovna S-klub, Olomouc

Datum a čas kvízu

21 Celkem bodů Celkový počet nahraných bodů na tomto kvízu bez doplňovacích otázek.
9. Pořadí na kvízu Konečné umístění týmu na tomto kvízu.

Zaznamenané odpovědi

# Otázka Odpověď Body Výsledky
1. V pondělí přijel na státní náv... z Belgie 1
2. O které kulturní památce ležíc... o věznici Alcatraz 1
3. Minulý týden vyšlo album Ostra... Michal Prokop 0
4. Filipínské a americké vojenské... D) Předčasné samovolné potopení filipínské lodi. 1
5. Hokejový tým Utah, jehož brank... Mammoth (Mamut) 0
6. Podíváme se na historické udál... O. J. Simpson, americký fotbal 0.5
7. Dne 8. června 1992 došlo na ji... vila Tugendhat 0
8. V České republice vystoupila o... D 0
9. Ve kterém roce vstoupila Česká... v roce 2004, Vladimír Špidla 0.5
10. Uveďte název města, kde byla p... Turín; Nagano 0.5